| 000 | 00424nam a2200157 a 4500 | ||
|---|---|---|---|
| 001 | 2258 | ||
| 003 | CDMR | ||
| 005 | 20130610100240.0 | ||
| 008 | 130130s ||||||||||||||||||||||||||||d | ||
| 040 |
_aCDMR _bcat _cCDMR |
||
| 100 | 1 |
_aMassague Dalnases, Rosa _91679 |
|
| 245 | 1 | 3 |
_aLa prensa tarrasense en el siglo XIX _cRosa Massague Dalmases |
| 260 | _aBarcelona | ||
| 650 | 0 | 4 |
_93717 _aPremsa comarcal _zCatalunya |
| 942 |
_cTSN _2udc |
||
| 999 |
_c2258 _d2258 |
||